Irish Verb: Déan (past, present, future) Quiz Stats

Quiz not verified by Sporcle

Challenge
Share
Tweet
Embed
Score 0/72 Timer 15:00
0 Plays Today
Béarla Gaeilge % Correct
PRESENT TENSEAIMSIR LÁITHREACH
100%
FUTURE TENSEAIMSIR FHÁISTEANACH
100%
PAST TENSEAIMSIR CHAITE
100%
x
100%
?
100%
x
100%
?
100%
?
100%
x
100%
I made/didRinne mé
59.2%
She made/didRinne sí
49%
He made/didRinne sé
49%
You made/didRinne tú
49%
We made/didRinneamar
46.9%
They made/didRinne siad
44.9%
You all made/didRinne sibh
44.9%
I make/doDéanaim
38.8%
You make/doDéanann tú
32.7%
Did he make/do?An ndearna sé?
32.7%
Did you make/do?An ndearna tú?
32.7%
He makes/doesDéanann sé
30.6%
She makes/doesDéanann sí
30.6%
You all make/doDéanann sibh
30.6%
They make/doDéanann siad
30.6%
Did she make/do?An ndearna sí?
30.6%
I will make/doDéanfaidh mé
28.6%
I do not make/doNí dhéanaim
28.6%
Do you make/do?An ndéanann tú?
28.6%
Do I make/do?An ndéanaim?
28.6%
They did not make/doNí dhearna siad
28.6%
She did not make/doNí dhearna sí
28.6%
He did not make/doNí dhearna sé
28.6%
You did not make/doNí dhearna tú
28.6%
I did not make/doNí dhearna mé
28.6%
Did they make/do?An ndearna siad?
28.6%
Did you all make/do?An ndearna sibh?
28.6%
Béarla Gaeilge % Correct
Did I make/do?An ndearna mé?
28.6%
We make/doDéanaimid
26.5%
We will make/doDéanfaimid
26.5%
We do not make/doNí dhéanaimid
26.5%
He does not make/doNí dhéanann sí
26.5%
She does not make/doNí dhéanann sé
26.5%
You do not make/doNí dhéanann tú
26.5%
Do they make/do?An ndéanann siad?
26.5%
Do you all make/do?An ndéanann sibh?
26.5%
Does she make/do?An ndéanann sí?
26.5%
Does he make/do?An ndéanann sé?
26.5%
You all did not make/doNí dhearna sibh
26.5%
You will make/doDéanfaidh tú
24.5%
He will make/doDéanfaidh sé
24.5%
She will make/doDéanfaidh sí
24.5%
You all will make/doDéanfaidh sibh
24.5%
They will make/doDéanfaidh siad
24.5%
They do not make/doNí dhéanann siad
24.5%
You all do not make/doNí dhéanann sibh
24.5%
Do we make/do?An ndéanaimid?
24.5%
Will I make/do?An ndéanfaidh mé?
24.5%
Will you make/do?An ndéanfaidh tú?
24.5%
You will not make/doNí dhéanfaidh tú
24.5%
Did we make/do?An ndearnamar?
22.4%
We did not make/doNí dhearnamar
22.4%
Will he make/do?An ndéanfaidh sé?
22.4%
Will she make/do?An ndéanfaidh sí?
22.4%
Will we make/do?An ndéanfaimid?
22.4%
Will you all make/do?An ndéanfaidh sibh?
22.4%
Will they make/do?An ndéanfaidh siad?
22.4%
I will not make/doNí dhéanfaidh mé
22.4%
He will not make/doNí dhéanfaidh sé
22.4%
She will not make/doNí dhéanfaidh sí
22.4%
We will not make/doNí dhéanfaimid
22.4%
You all will not make/doNí dhéanfaidh sibh
22.4%
They will not make/doNí dhéanfaidh siad
22.4%

You're not logged in!

Compare scores with friends on all Sporcle quizzes.
Join for Free
OR
Log In

You Might Also Like...

Show Comments

Extras

Top Quizzes Today


Score Distribution

Your Account Isn't Verified!

In order to create a playlist on Sporcle, you need to verify the email address you used during registration. Go to your Sporcle Settings to finish the process.

Report this User

Report this user for behavior that violates our Community Guidelines.

Details: